000 00915nam a22003137a 4500
001 BR2012007297
003 BR-BrBNA
005 20230928104052.0
007 ta
008 230509b bl.||||| |||| 00| 0 por d
040 _aBR-BrBNA
_bpor
_cBiblioteca Nacional de Agricultura
041 _a(Por)
072 _aF70; H60
090 _ F70 BR2012007297
100 1 _aMoreira, H.J. da C.
100 1 _aBragança, H.B.N.
110 1 _aFMC Agrícola, Campinas, SP (Brasil)
_94752
245 1 _aManual de identificação de plantas infestantes: hortifruti
260 3 _aCampinas, SP (Brasil):
_c2011.
300 _a1017 p.
500 _aBibliography p. 1000-1017; Glossary p. 928-937; Summary (Por); 401 illus
650 _aERVA DANINHA
650 _aIDENTIFICAÇÃO
650 _aTAXONOMIA VEGETAL
650 _aHORTALIÇA
650 _aFRUTA
909 _a202309
_bLucia
_c55
_dLucia Elande
942 _cBK
999 _c77966
_d77966